Pokémon - Les attaques de Suicune - Statistiques

Statistiques générales
  • Ce quiz a été pris 29 fois
  • Le résultat moyen est 11 sur 19
Statistiques - réponses
Niveaux Types Noms des attaques % Correct
Niveau 72 Eau Hydrocanon
100%
Niveau 78 Glace Blizzard
90%
Départ Glace Brume
75%
Départ Eau Pistolet à O
75%
Niveau 12 Ténèbres Morsure
70%
Niveau 18 Psy Plénitude
70%
Niveau 54 Eau Surf
70%
Départ Vol Tornade
70%
Niveau 6 Eau Vibraqua
70%
Départ Normal Groz'Yeux
60%
Niveau 42 Ténèbres Mâchouille
60%
Niveau 66 Eau Danse Pluie
55%
Réapprentissage Glace Glaciation
55%
Niveau 36 Vol Vent Arrière
50%
Niveau 48 Psy Extrasenseur
45%
Niveau 24 Normal Hurlement
45%
Niveau 30 Glace Crocs Givre
40%
Niveau 60 Psy Voile Miroir
25%
Réapprentissage Normal Vitesse Extrême
10%
Aucun quiz correspondant
Distribution des résultats
% des personnes avec chaque résultat
Percentile par nombre de réponses
Votre historique - résultats
Vous n’avez pas pris ce quiz